<?xml version="1.0" encoding="UTF-8"?>
<record
    xmlns:xsi="http://www.w3.org/2001/XMLSchema-instance"
    xsi:schemaLocation="http://www.loc.gov/MARC21/slim http://www.loc.gov/standards/marcxml/schema/MARC21slim.xsd"
    xmlns="http://www.loc.gov/MARC21/slim">

  <leader>00784nam a2200229Ia 4500</leader>
  <controlfield tag="008">200819s9999||||xx |||||||||||||| ||und||</controlfield>
  <datafield tag="020" ind1=" " ind2=" ">
    <subfield code="a">962208110X</subfield>
  </datafield>
  <datafield tag="041" ind1=" " ind2=" ">
    <subfield code="a">chi</subfield>
    <subfield code="h">eng</subfield>
  </datafield>
  <datafield tag="050" ind1=" " ind2=" ">
    <subfield code="a">BT738</subfield>
    <subfield code="b">.W344 1986</subfield>
  </datafield>
  <datafield tag="100" ind1=" " ind2=" ">
    <subfield code="a">Webber, Robert E. </subfield>
  </datafield>
  <datafield tag="245" ind1=" " ind2="0">
    <subfield code="a">&#x5165;&#x4E16;&#x8056;&#x5F92;&#xFF1A;</subfield>
    <subfield code="b">&#x57FA;&#x7763;&#x5F92;&#x8655;&#x4E16;&#x6A21;&#x5F0F; = the role of the Christian in the secular world /</subfield>
    <subfield code="c">&#x97CB;&#x4F2F; (Robert E. Webber) &#x8457;; &#x76E7;&#x9F8D;&#x5149;, &#x4F55;&#x5B50;&#x6C5F;&#x8B6F;</subfield>
  </datafield>
  <datafield tag="246" ind1=" " ind2=" ">
    <subfield code="a">&#x5165;&#x4E16;&#x5723;&#x5F92;&#xFF1A;</subfield>
    <subfield code="b">&#x57FA;&#x7763;&#x5F92;&#x5904;&#x4E16;&#x6A21;&#x5F0F; </subfield>
  </datafield>
  <datafield tag="260" ind1=" " ind2=" ">
    <subfield code="a">&#x9999;&#x6E2F;:</subfield>
    <subfield code="b">&#x5929;&#x9053;&#x66F8;&#x6A13;,</subfield>
    <subfield code="c">1986</subfield>
  </datafield>
  <datafield tag="300" ind1=" " ind2=" ">
    <subfield code="a">233 p.</subfield>
    <subfield code="b">;</subfield>
    <subfield code="c">18 cm.</subfield>
  </datafield>
  <datafield tag="500" ind1=" " ind2=" ">
    <subfield code="a">The secular saint: the role of the Christian in the secular world</subfield>
  </datafield>
  <datafield tag="650" ind1=" " ind2=" ">
    <subfield code="a">Christianity and culture.</subfield>
  </datafield>
  <datafield tag="650" ind1=" " ind2=" ">
    <subfield code="a">Sociology, Christianity.</subfield>
  </datafield>
  <datafield tag="700" ind1=" " ind2=" ">
    <subfield code="a">&#x4F55;&#x5B50;&#x6C5F;</subfield>
  </datafield>
  <datafield tag="700" ind1=" " ind2=" ">
    <subfield code="a">&#x76E7;&#x9F8D;&#x5149;</subfield>
  </datafield>
  <datafield tag="700" ind1=" " ind2=" ">
    <subfield code="a">&#x97CB;&#x4F2F;</subfield>
  </datafield>
  <datafield tag="952" ind1=" " ind2=" ">
    <subfield code="0">0</subfield>
    <subfield code="1">0</subfield>
    <subfield code="4">0</subfield>
    <subfield code="7">0</subfield>
    <subfield code="a">GETS</subfield>
    <subfield code="b">GETS</subfield>
    <subfield code="c">GEN</subfield>
    <subfield code="d">2020-08-19</subfield>
    <subfield code="l">0</subfield>
    <subfield code="o">BT738 .W344 1986</subfield>
    <subfield code="p">00003807</subfield>
    <subfield code="r">2020-08-19 00:00:00</subfield>
    <subfield code="w">2020-08-19</subfield>
    <subfield code="y">CB</subfield>
  </datafield>
  <datafield tag="999" ind1=" " ind2=" ">
    <subfield code="c">13870</subfield>
    <subfield code="d">13870</subfield>
  </datafield>
</record>
